000 00628nam a2200241Ia 4500
003 OSt
005 20251210184543.0
008 210423s2016 xx 000 0 und d
020 _a978-0-415-63926-2
040 _cAL
041 _aEnglish
082 _a415
_bJEWI
100 _aCarey Jewitt
_981110
245 _aIntroducing multimodality
260 _aLondon
_bRoutledge
_c2016
300 _axi,219p.
_bPB
_c24x17.5cm.
365 _b2236.61
_cGBP
650 _aLinguistics
_981111
700 _aBezemer, Jeff
_9248721
700 _aO Halloran, Kay
_9248722
906 _aIntroducing ; multimodality
942 _2ddc
_cBK
999 _c168986
_d168986